अद्वैताक्षरमालिका (Record no. 49358)

MARC details
000 -LEADER
fixed length control field 00841nam a2200265Ia 4500
003 - CONTROL NUMBER IDENTIFIER
control field OSt
005 - DATE AND TIME OF LATEST TRANSACTION
control field 20190814082755.0
008 - FIXED-LENGTH DATA ELEMENTS--GENERAL INFORMATION
fixed length control field 190813s9999||||xx |||||||||||||| ||und||
040 ## - CATALOGING SOURCE
Transcribing agency BVB
041 ## - LANGUAGE CODE
Language code of text/sound track or separate title san
041 ## - LANGUAGE CODE
Language code of text/sound track or separate title tam
082 ## - DEWEY DECIMAL CLASSIFICATION NUMBER
Classification number Sa1Va
Item number CHA
100 ## - MAIN ENTRY--PERSONAL NAME
Personal name चन्द्रशेखरेन्द्रसरस्वती
245 #0 - TITLE STATEMENT
Title अद्वैताक्षरमालिका
Statement of responsibility, etc. Advaita Aksharamalika
260 ## - PUBLICATION, DISTRIBUTION, ETC.
Place of publication, distribution, etc. Kumbakonam
Name of publisher, distributor, etc. Kamakoti Kosasthanam
Date of publication, distribution, etc. 1946
300 ## - PHYSICAL DESCRIPTION
Extent 14, x, 450 p.
440 ## - SERIES STATEMENT/ADDED ENTRY--TITLE
Title श्रीकामकोटिग्रन्थावलि
-- shrikamkotigranthawali
Volume/sequential designation 20
500 ## - GENERAL NOTE
General note Prefatory Note in English
650 ## - SUBJECT ADDED ENTRY--TOPICAL TERM
Topical term or geographic name entry element Philosophy - India
650 ## - SUBJECT ADDED ENTRY--TOPICAL TERM
Topical term or geographic name entry element Vedanta
650 ## - SUBJECT ADDED ENTRY--TOPICAL TERM
Topical term or geographic name entry element Vedanta - Advaita
650 ## - SUBJECT ADDED ENTRY--TOPICAL TERM
Topical term or geographic name entry element Philosophy
700 ## - ADDED ENTRY--PERSONAL NAME
Personal name Chandrashekharendrasaraswati
942 ## - ADDED ENTRY ELEMENTS (KOHA)
Koha item type Book
Source of classification or shelving scheme Dewey Decimal Classification
Holdings
Withdrawn status Lost status Damaged status Not for loan Collection code Home library Current library Shelving location Date acquired Cost, normal purchase price Total Checkouts Full call number Barcode Date last seen Price effective from Koha item type
Available Not Lost   Available for loan Philosophy Bhavans Library Bhavans Library Indology Section 07/20/2019 5.00   Sa1Va/CHA/85130 85130 08/13/2019 08/13/2019 Book

Copyright © All Rights Reserved www.bhavanslibrary.org